00736nam a2200181Ia 4500008004100000020001800041041000800059082001900067100002200086245014300108260002000251300000800271365001600279700002200295906005200317999001900369952016600388230718s9999 xx 000 0 und d a9781983372445 aeng a346.048'6bKAR aKarhad P.9202798 aHow To Patent An Idea In IndiabFrom Idea To Generated Patent In Quickest Time, Saving Costs And Making Money With Your Patented Invention c2014bKarhad P. a148 cRs.b199.00 aKarhad P.9202798 dO:0747830-May-2022B:BOMS-56575MHBOM5-124cGENRL c352481d352481 00104070aCCEPbCCEPd2022-05-30eAmazonfGENRLg199.00iBOMS-56575MHBOM5-124l0o346.048'6pCCEP-BK-63692r2023-07-18 00:00:00v199.00w2023-07-18yBKz063692